Регионална библиотека "Любен Каравелов" - Русе

Ало, ало! [видео DVD] (Запис номер 220726)

MARC детайли
000 -Лидер
Контролно поле с фиксирана дължина 00981ngm a2200277 a 4500
003 - Код на организацията, давaща контролен номер
Контролно поле BLK
005 - Дата и час на последна редакция
Контролно поле 20240529153252.0
007 - Фиксирано поле за физическо описани
fixed length control field! mz cuaiu||uo|u|ac
008 - Елементи от данни с фиксирана дължина
fixed length control field 180410b bul||n||s|||||||| mlbulo|
010 ## - Наследен системен номер
LC control number CDD00003196000
040 ## - Източник на каталожния запис
Идентификатор на билиотеката - собственик на записа BLK
041 ## - Код за език
Код за езика на текст/звукозапис или на отделно заглавие Български
Код за езика КДБФ Български
080 ## - УДК
Текстов определител УДК Комедии
УДК код - определител по УДК 791.221.2
УДК - код + определител 791.221.2
139 ## - Редно поле
Редна дума Ало, ало! [видео DVD]
Авторски знак Алм - А 56
245 10 - Сведения за заглавието
Заглавие Ало, ало! [видео DVD]
Подзаглавни данни Епизод 1 - 2
Редно поле (дума) продуцент, режисьор и сценарист Дейвид Крофт.
257 ## - Страна на издаване
Страна на създаване/издаване България
260 ## - Област на издателските данни
Място на издаване, разпространение и проч. София
Име на издателя, разпространителя и проч. Мултивижън
Година на издаване 2008
300 ## - Физическа характеристика
Страници 62 мин.
Илюстрации и др. цв. форм.
Размери/Мащаб 12 см
380 ## - Жанр
Жанр Изкуство
490 ## - СЕРИИ (Колекции)
Име на серия Любими комедийни филми
№: серия 1
590 ## - Забележки на библиотеката, притежаваща документа (RLIN)
Служебно S.N: 84900 от КНИГИ
700 ## - Други автори (авторска отговорност)
9 (RLIN) 1347
Лично име Крофт, Дейвид
Автороска отговорност (Описва отношението между автора и произведението) режисьор и сценарист
852 ## - Местоположение
Форматна сигнатура Цб CD 4913
Част 0
942 ## - АРТИКУЛИ
Вид на библиотечния материал Компактдискове
Скрит в OPAC Не
Периодичен библиозапис Да
944 ## - СЪЗДАВАНЕ И РЕДАКЦИЯ на ЗАПИСА
Създаване/Редакция Създаване
Дата на регистрацията/редакция 19.08.2008
Служител, извършил регистрацията/редакцията 30540
Статус, дата на статуса Севдалина Тодорова
999 ## - СИСТЕМНИ КОНТРОЛНИ НОМЕРА
Koha biblionumber 220726
Koha biblioitemnumber 220726
Наличности
Код за отписване Код за изгубен артикул Източник на класификационната схема Код за повреда Коз за рестрикции Код за отдаване Артикулен № Име на библиотеката - собственик Име на библиотеката, в която се намира в момента Статус (Текущо местоположение) Дата на вписване в системата Местоположение - отдел Цена в лева Инвентарен номер Систематично азбучна сигнатура Баркод Номер на екземпляра Цена в евро Служебна бележка Служебен тип на артикула
  Не е изгубен Universal Decimal Classification Не е повреден без рестрикции заемане за дома 392558 Регионална библиотека "Любен Каравелов" Русе Регионална библиотека "Любен Каравелов" Русе Отдел Изкуство - подръчен фонд 2008-08-19 Отдел Изкуство - подръчен фонд 1.00 250000003339 791.221.2/А 56 250000003339 1 0.51 Дост: Pk Вид: Ф N: 240 Дата: 12.08.2008 Компактдискове
Vip Innovations Ltd, Rousse, Bulgaria 2025